000 00533nmm a2200169Ia 4500
008 251105s9999||||xx |||||||||||||||||und||
020 _a9788437065243
041 _acat
100 _aRedondo Sánchez, Jordi
245 0 _aIntroducció a la religió i la mitologia gregues
264 _a[Madrid, España] :
_bPublicaciones de la Universidad de Valencia (PUV),
_c2006
300 _a248 páginas
490 _aFora de Col·lecció
650 _aMythology
856 _uhttps://public.digitaliapublishing.com/a/34915
942 _cCF
999 _c82359
_d82359